Famous Gangsters by Image - Statistics

General Stats
  • This quiz has been taken 265 times
  • The average score is 4 of 11
Answer Stats
Picture Answer % Correct
Al Capone
97%
John Gotti
64%
John Dillinger
50%
Meyer Lansky
34%
Bugsy Siegel
32%
Carlo Gambino
30%
Machine Gun Kelly
26%
Baby Face Nelson
24%
Vito Genovese
15%
Mickey Cohen
10%
James Colosimo
3%
No matching quizzes found
Score Distribution
Percent of People with Each Score
Percentile by Number Answered
Your Score History
You have not taken this quiz